GéoGuessr - Devinez le pays 1 - Statistiques

Statistiques générales
  • Ce quiz a été pris 177 fois
  • Le résultat moyen est 3 sur 8
Statistiques - réponses
Par images Réponse % Correct
États-Unis
80%
Japon
61%
Brésil
36%
Irlande
36%
Sénégal
26%
Italie
18%
Espagne
9%
République Tchèque
9%
Aucun quiz correspondant
Distribution des résultats
% des personnes avec chaque résultat
Percentile par nombre de réponses
Votre historique - résultats
Vous n’avez pas pris ce quiz